Dopad digitalizácie na finančné sprostredkovanie na poistnom trhu bakalárska práca

Na minha lista:
Detalhes bibliográficos
Autor principal: Hrivík, Alexander
Autor Corporativo: Národohospodárska fakulta EU. Katedra poisťovníctva
Outros Autores: Slobodník, Branislav, 1997-
Formato: Livro
Idioma:eslovaco
Publicado em: Bratislava 2025
Tags: Adicionar Tag
Sem tags, seja o primeiro a adicionar uma tag!

MARC

LEADER 00000nbm a2200000 4500
001 0309434
005 20251126093049.6
041 0 |a slo 
044 |a SK 
245 1 0 |a Dopad digitalizácie na finančné sprostredkovanie na poistnom trhu  |b bakalárska práca  |c Alexander Hrivík ; školiteľ: Branislav Slobodník 
264 1 |a Bratislava  |c 2025 
300 |a 58 s. 
100 1 |a Hrivík, Alexander 
700 1 |a Slobodník, Branislav, 1997- 
710 2 |a Národohospodárska fakulta EU. Katedra poisťovníctva